[Event "Aguascalientes 2nd"]
[Site "Aguascalientes"]
[Date "2024.08.10"]
[Round "7"]
[White "Gutierrez Perez, Fabian"]
[Black "Mitkov, Nikola"]
[Result "0-1"]
[WhiteElo "2261"]
[BlackElo "2347"]
[PlyCount "102"]
[EventDate "2024.08.06"]
[EventType "swiss"]
[EventRounds "9"]
[EventCountry "MEX"]
[SourceTitle "CBM 221 Extra"]
[Source "ChessBase"]
[SourceDate "2024.09.30"]
[SourceVersion "1"]
[SourceVersionDate "2024.09.30"]
[SourceQuality "1"]

1. c4 e5 2. Nc3 Bb4 3. Nd5 a5 4. g3 Nf6 5. Nxb4 axb4 6. Bg2 0-0 7. d3 c5 8. Nf3 Nc6 9. 0-0 h6 10. b3 d6 11. Bb2 Bd7 12. Ne1 Qc8 13. f4 Bh3 14. Qd2 Nh7 15. e3 Qd7 16. Nc2 f6 17. d4 Bxg2 18. Qxg2 Qe7 19. Rfd1 e4 20. a3 bxa3 21. Bxa3 Na5 22. Rab1 b6 23. Qd2 Rfd8 24. Qc3 Qf7 25. Ra1 Nf8 26. Rd2 Rd7 27. Rad1 Rad8 28. Bb2 h5 29. Kg2 Kh7 30. Ba3 Kg8 31. Kf2 Qe6 32. Kg2 h4 33. Rf2 Qg4 34. Rg1 Ng6 35. Kh1 h3 36. f5 Ne7 37. Rgf1 Ra8 38. d5 b5 39. cxb5 Nxd5 40. Qd2 Nb6 41. Rf4 Nxb3 42. Qe1 Qg5 43. Qc3 Na5 44. Rxe4 Qh5 45. Qd2 Qf7 46. Qe2 Nac4 47. Bc1 Qd5 48. Qf3 Ne5 49. Qf4 Ra4 50. Nd4 cxd4 51. Kg1 d3 0-1